000 00837nam a2200253Ia 4500
003 OSt
005 20220930065405.0
006 a|||||r|||| 00| 0
007 ta
008 220926b |||||||| |||| 00| 0 eng d
024 _a5541
037 _cTheses
040 _aCRL
_cCRL
_beng
041 _2eng
_aeng
100 _aMoondhra Arun Kumar
_9525826
110 _aUniversity of Delhi. Faculty of Medical Sciences. Department of Medicine
245 0 _aStudy of bronchial reactivity to inhaled histamine and its clinical significance in bronchial asthma
260 _c1984
650 _aMEDICINE
700 _a Dr RC Bhasin Supervisor
_9525827
700 _aUniversity of Delhi. Faculty of Medical Sciences. Department of Medicine
942 _cDIS
_2CC
999 _c859488
_d859488